000
00324nam a2200133Ia 4500
008
210210b1981 xxu||||| |||| 00| 0 eng d
082
_a
301 SAKI
100
_a
SAKSENA (R N).
245
_a
indian social thought.
260
_a
Meerut
_b
Meenakshi prakashan
_c
1981
300
_a
vi,232
690
_a
Sociology
906
_a
035605
999
_c
85973
_d
85973